Mensajes /
Guardado en:
| Autor Principal: | |
|---|---|
| Otros Autores: | |
| Formato: | Libro |
| Publicado: |
Bahía Blanca :
Ediuns,
2013
|
| Series: | Interzona
|
| Materias: | |
| Etiquetas: |
Agregar Etiqueta
Sin Etiquetas, Sea el primero en etiquetar este registro!
|
| LEADER | 01145nam a22002415a 4500 | ||
|---|---|---|---|
| 001 | CEM.cems014919 | ||
| 005 | 20180522150758.0 | ||
| 008 | 130507s2013##################000#0#####d | ||
| 003 | CEMS | ||
| 020 | |a 27547.18 | ||
| 082 | 0 | 4 | |a A864.4 |
| 100 | 1 | |a Martínez Estrada, Ezequiel | |
| 245 | 1 | 0 | |a Mensajes / |c Ezequiel Martínez Estrada; selección y Prólogo de Nidia Burgos |
| 260 | |a Bahía Blanca : |b Ediuns, |c 2013 | ||
| 300 | |a 104 p. | ||
| 490 | 0 | |a Interzona | |
| 505 | 0 | |a Carta a Victoria Ocampo -- Francia es la salvación -- Mis queridos alumnos, mis queridos amigos ... -- Despedida de Horacio Quiroga -- Mensaje a los escritores -- Discurso en la Universidad -- Preguntas y respuestas sobre "Radiografía de la pampa" -- Sobre la vigencia de "Radiografía de la pampa" -- La cabeza del gigante -- Martínez Estrada en la lucha. Carta a Leónidas Barletta -- Algunas apostillas sobree "Leer y escirbir" -- Rogativa Exculpatoria | |
| 653 | |a Literatura | ||
| 653 | |a Literatura argentina | ||
| 653 | |a Ensayo | ||
| 653 | |a Ensayo argentino | ||
| 700 | 1 | |a Burgos, Nidia; prol. | |
| 859 | |a CEMS |b BIB. CEMS - 11 de abril |h A864.4 |i M366-19 |p 27547.18 |t Ej.1 | ||
